000 01438nam a2200349 a 4500
001 000026222
003 DO-SdBPM
005 20260120125614.0
007 ta
008 110307s1991 dr 000 0 spa d
040 _aDO-SdBPM
_bspa
_cBPMSU
_drda
082 4 _a338.97293
_bC175m 1991
_222
245 0 0 _aCambios mundiales, desarrollo y concertación social /
_cJosé Vitienes... [y otros ]; edición y prólogo Víctor Grimaldi.
264 _aSanto Domingo :
_bClub de Ejecutivos de Santo Domingo,
_c1991.
300 _a159 páginas ;
_c23 cm.
336 _atexto
_btxt
_2rdacontent
337 _asin mediación
_bn
_2rdamedia
338 _avolumen
_bnc
_2rdacarrier
500 _aIncluye los trabajos presentados en el encuentro sobre "Cambios Mundiales, Desarrollo y Concertación Social" celebrado el 5 de agosto de 1991, en el Club de ejecutivos de Santo Domingo.
504 _aIncluye referencias bibliográficas y notas al pie de las páginas.
590 _aInventariado, 2026/VM
650 7 _aDesarrollo económico
650 7 _aPotencial de crecimiento
_zRepública Dominicana
650 7 _aPlanificación estratégica
650 z _aEconomic development
651 7 _aRepública Dominicana
_xCondiciones económicas
700 1 _aGrimaldi, Víctor,
_d1949-
_eeditor
700 1 _aVitienes, José
710 2 _aClub de Ejecutivos de Santo Domingo
910 _aVMateo V. Control de calidad BPMSU
942 _2ddc
_cBK
999 _c15617
_d15617